000 00710nam a2200229 i 4500
001 72756
003 ES-MaACL
005 20230906171539.0
007 t|
008 040902s1955 sp ||||1| spa d
080 _a821.112.2-31"17"
100 1 _aGoethe, Johann Wolfgang von,
_d1749-1832
_957568
245 1 0 _aWilhelm Meister /
_cGoethe ; [traducción directa del alemán por Víctor Scholz].
250 _a[1ª ed.].
260 _aBarcelona :
_bA.H.R.,
_c[1955] (
_fEstampa)
300 _aXXIII, 592 p., 1 lám. ;
_c22 cm.
490 1 _aSer o no ser
700 1 _aScholz, Víctor.
_9104643
830 0 _aSer o no ser
_9181425
852 _aES-MaACL
_jC-9549
_bR.37689
999 _c72756
_d72756